Представление документа в формате RUSMARC

ПолеНазваниеЗначение
  Тип записи a
  Библиографический уровень a
001 Контрольный номер RU/CBS_UL/BASE/5791a5bfadc846afb6a4d6d1f668244c
005 Дата корректировки 20250119150253.9
100 Данные общей обработки __
a Данные общей обработки 20250119 ||| 0rusy0189 ca
101 Язык документа 0_
a Язык текста rus
102 Страна публикации __
a Страна публикации RU
200 Заглавие и сведения об ответственности 1_
a Заглавие Елена Муравьёва: "Клоунский нос тебя защищает, даёт силы и возможность быть собой"
e Сведения, относящиеся к заглавию [беседа с актрисой Е. Муравьёвой о жизни и творчестве]
f Первые сведения об ответственности Е. Муравьёва
g Последующие сведения об ответственности бесед. Е. Ланкина
300 Общие примечания __
a Общие примечания 16+
461 Уровень набора _0
1 2000
a Коллекция КАРАВАН историй
463 Уровень физической единицы _0
1 2000
a № 1
v С. 46-71 : фот.
1 2101
d 2025
1 001RU/CBS_UL/BASE/4efd06789f004a36b324ef1cc5fc02bc
600 Персоналии _1
a Персоналии (Фамилия) Муравьёва
b Персоналии (Имя, инициалы) Е.Н.
606 Тематические рубрики 0_
a Основная рубрика Муравьёва, Елена Николаевна (1982)
610 Ключевые слова 0_
a Ключевые слова актрисы
610 Ключевые слова 0_
a Ключевые слова актрисы российские
610 Ключевые слова 0_
a Ключевые слова актрисы театра и кино
610 Ключевые слова 0_
a Ключевые слова киноактрисы
686 Индексы других классификаций __
2 Код системы rubbk
a Классификационный индекс 85.374(2)
700 Автор _1
a Фамилия Муравьёва
b Имя (инициалы) Е.
801 Источник записи _0
a Страна RU
b Организация МБУК ЦБС г. Ульяновска
c Дата составления 20250119
g Правила каталогизации RCR
801 Источник записи _1
a Страна RU
b Организация МБУК ЦБС г. Ульяновска
c Дата составления 20250119
g Правила каталогизации RCR
901 Тип документа __
t Тип документа b
w Контрольный № источника RU/CBS_UL/BASE/4efd06789f004a36b324ef1cc5fc02bc
909 Создатель записи __
a Создатель записи lib1